Autopsia: ¿De qué se murió la elite chilena?
Saved in:
| Hovedforfatter: | |
|---|---|
| Format: | Bog |
| Sprog: | spansk |
| Udgivet: |
Santiago
Catalonia
2016
|
| Udgivelse: | 1a. ed |
| Fag: | |
| Tags: |
Tilføj Tag
Ingen Tags, Vær først til at tagge denne postø!
|
MARC
| LEADER | 00000cam a2200000 a 4500 | ||
|---|---|---|---|
| 001 | UCD5017 | ||
| 003 | CL-VaPUC | ||
| 008 | 160807e20160000cl |||||||||||||||||spa|d | ||
| 020 | |a 9789563244380 | ||
| 082 | 0 | 4 | |a 320 |b MAY |2 21 |
| 100 | |a Mayol Miranda, Alberto |e autor |9 580389 | ||
| 245 | 1 | 0 | |a Autopsia: ¿De qué se murió la elite chilena? |
| 250 | |a 1a. ed | ||
| 300 | |a 380 p | ||
| 942 | |c BK | ||
| 945 | |d 20160807 22:49:00 |a dcastane | ||
| 260 | |a Santiago |b Catalonia |c 2016 | ||
| 650 | 0 | |a Ciencias Políticas |9 255201 | |
| 650 | 0 | |a Sociedad chilena |9 412967 | |
| 650 | 0 | |a Ensayos |9 268724 | |
| 583 | |a last modification |c 20160807 22:49:00 |k Rodrigo Vera | ||
| 999 | |c 365789 |d 365787 | ||
| 952 | |0 0 |1 0 |3 erb |4 0 |6 320_000000000000000_MAY_2016 |7 0 |8 A |9 479744 |a BIBCUR |b BIBCUR |i 5335124 |o 320 MAY 2016 |p 5335124 |r 2025-04-22 |w 2019-11-24 |y BK |z Catalogado en:20160807 |k MGC | ||